[Event "FRA-chT2 North 0607"]
[White "Viatte, Robert"]
[Black "Merlot, Stephanie"]
[Site "France"]
[Round "7.7"]
[Result "1-0"]
[Date "2007.02.11"]
[WhiteElo "2150"]
[BlackElo "1499"]
[PlyCount "43"]
[EventDate "2006.10.15"]
[EventType "team-tourn"]
[EventRounds "11"]
[EventCountry "FRA"]
[SourceTitle "EXT 2008"]
[Source "ChessBase"]
[SourceDate "2007.11.25"]
[SourceVersion "1"]
[SourceVersionDate "2007.11.25"]
[SourceQuality "1"]
[WhiteTeam "Chalons en Champagne"]
[BlackTeam "Bagneux"]
[WhiteTeamCountry "FRA"]
[BlackTeamCountry "FRA"]

1. d4 d5 2. c4 Nf6 3. Nc3 e6 4. Bg5 Be7 5. e3 Nc6 6. Nf3 Bd6 7. a3 e5 8. cxd5 Ne7 9. dxe5 Ne4 10. Nxe4 Bf5 11. exd6 cxd6 12. Bb5+ Qd7 13. Bxd7+ Kxd7 14. Qa4+ Nc6 15. dxc6+ bxc6 16. 0-0-0 Rhc8 17. Rxd6+ Ke8 18. Rhd1 f6 19. Qc4 Rab8 20. Qg8+ Ke7 21. Qxg7+ Ke8 22. Nxf6# 1-0

[Event "FRA-chT2 North 0607"]
[White "Merlot, Stephanie"]
[Black "Choisy, Mathilde"]
[Site "France"]
[Round "3.8"]
[Result "0-1"]
[Date "2006.11.26"]
[WhiteElo "1499"]
[BlackElo "2085"]
[PlyCount "54"]
[EventDate "2006.10.15"]
[EventType "team-tourn"]
[EventRounds "11"]
[EventCountry "FRA"]
[SourceTitle "EXT 2008"]
[Source "ChessBase"]
[SourceDate "2007.11.25"]
[SourceVersion "1"]
[SourceVersionDate "2007.11.25"]
[SourceQuality "1"]
[WhiteTeam "Bagneux"]
[BlackTeam "Bois Colombes II"]
[WhiteTeamCountry "FRA"]
[BlackTeamCountry "FRA"]

1. e4 c5 2. d3 Nc6 3. Be3 d6 4. f4 g6 5. Nc3 Bg7 6. h3 e6 7. Nf3 Nge7 8. Bf2 0-0 9. Bh4 Rb8 10. Qd2 Qd7 11. 0-0-0 b5 12. Ne2 a5 13. d4 c4 14. Nc3 b4 15. Bxc4 bxc3 16. Qxc3 d5 17. Bd3 dxe4 18. Bxe4 Nd5 19. Qd3 Qb7 20. b3 Ncb4 21. Qe2 Nxa2+ 22. Kb2 Nac3 23. Qd2 Nxd1+ 24. Rxd1 a4 25. Kc1 axb3 26. cxb3 Qxb3 27. Bc2 Qb2# 0-1